1376 1830 1582 1374 1049 1049 1918 1479 1665 1574 1876 1840 1720 1629 1848 1127 1499 1704 1899 1604 1339 1783 1170 1362 1713 1124 1792 1011 1587 1448 1999 1659 1532 1579 1440 1379 1835 1036 1424 1841 1335 1725 1928 1639 1376 1950 1663 1873 1971 1627 1634 1191 1168 1474 1627 1728 1279 1090 1189 1722 1817 1941 1280 1676 1265 1663 1308 1367 1082 1067 1156 1672 1249 1643 1492 1003 1037 1789 1758 1569 1767 1922 1085 1551 1130 1878 1414 1723 1312 1101 1731 1113 1049 1085 1366 1830 1886 1207 1039 BCNSPRNW ULIB Ver.6.0+V

เปลี่ยนเป็นภาษาไทย

Change to English
 แสดงรายละเอียดบรรณานุกรม
  กลับหน้าหลัก

Brief Record : Get Marc (ISO 2709) : E-mail record : QR code < ปิดหน้าต่าง
LEADER : 00000nam 2200000uu 4500
001    13399128792
003     ULIB
008    240913s2565||||th 000 0 tha d
020    ^a9786164077133
060 04 ^aWL108^bว896
245 00 ^aเวชศาสตร์การนอนหลับ =^bEssentials in sleep medicine /^cบรรณาธิการ, นฤชา จิรกาลวสาน
246 31 ^aEssentials in sleep medicine
250    ^aพิมพ์ครั้งที่ 1
260    ^aกรุงเทพฯ :^bสาขาวิชาโรคระบบการหายใจและภาวะวิกฤตภาควิชาอายุรศาสตร์ คณะแพทยศาสตร์ จุฬาลงกรณ์มหาวิทยาลัย,^c2565
300    ^axxviii, 1108 หน้า :^bภาพประกอบ ;^c26 ซม.
504    ^aมีบรรณานุกรมและดัชนี
505 0  ^aประวัติศาสตร์การนอนหลับ --ประวัติศาสตร์เวชศาสตร์การนอนหลับในประเทศไทย --สรีรวิทยาของการนอนหลับ -- การซักประวัติผู้ป่วยที่มีปัญหาของการนอนหลับ --การตรวจทางด้านการนอนหลับ -- ภาวะนอนกรน --ภาวะหยุดหายใจขณะหลับจากการอุดกั้น --หลักการรักษาผู้ป่วยภาวะหยุดหายใจขณะนอนหลับจากการอุดกั้นและการรักษาด้วยเครื่องอัดอากาศแรงดันบวก --การรักษาภาวะหยุดหายใจขณะนอนหลับจากการอุดกั้นด้วยทันตอุปกรณ์ --การรักษาภาวะหยุดหายใจขณะนอนหลับจากการอุดกั้นด้วยการผ่าตัด -- วิธีอื่นๆในการรักษาภาวะหยุดหายใจขณะหลับจากการอุดกั้น --ภาวะหยุดหายใจขณะหลับจากการอุดกั้นในเด็ก --การรักษาภาวะหยุดหายใจขณะหลับจากการอุดกั้นในเด็กด้วยการผ่าตัด --กลุ่มอาการหยุดหายใจขณะหลับจากประสาทส่วนกลาง --กลุ่มอาการอ้วนหายใจต่ำ --กลุ่มอาการหายใจต่ำแต่กำเนิดจากประสาทส่วนกลาง --ภาวะหายใจต่ำจากประสาทส่วนกลางที่เกิดขึ้นภายหลังและมีการทำงานของไฮโปทาลามัสผิดปกติ -- ภาวะหายใจต่ำจากประสาทส่วนกลางที่ไม่ทราบสาเหตุ --ภาวะหายใจต่ำขณะหลับจากยากหรือสารเสพติด --ภาวะหายใจต่ำขณะหลับจากโรคทางกาย --ภาวะพร่องออกซิเจนในเลือดขณะหลับ --การตรวจปรับแรงดันเครื่องอัดอากาศแรงดันบวกในภาวะหยุดหายใจขณะหลับจากการอุดกั้น --การตรวจปรับแรงดันเครื่องอัดอากาศแรงดันบวกชนิดสองระดับในภาวะหายใจต่ำเรื้อรัง -- โรคลมหลับ -- โรคง่วงนอนมากผิดปกติโดยไม่ทราบสาเหตุ --โรคง่วงนอนแบบซ้ำๆ -- ภาวะง่วงนอนมากผิดปกติจากโรคทางกาย --ภาวะง่วงนอนมากผิดปกติจากยาหรือสารเสพติด --ภาวะง่วงนอนมากผิดปกติที่สัมพันธ์กับโรคทางจิตเวช --กลุ่มอาการนอนหลับไม่เพียงพอ -- ภาวะนอนหลับยาว --ภาวะนาฬิกาการนอนหลับผิดปกติ -- โรคนอนไม่หลับ -- ภาวะนอนละเมอ --ภาวะการเคลื่อนไหวผิดปกติขณะหลับ -- ภาวะนอนกัดฟัน --ภาวะการเคลื่อนไหวเป็นจังหวะขณะหลับ --ภาวะกระตุกขณะหลับที่ไม่เป็นอันตรายในเด็กทารก --การนอนหลับกับความสัมพันธ์ต่อโรคในระบบต่างๆ -- ยาและผลต่อการนอนหลับ-- การนอนหลับในผู้หญิง -- การนอนหลับในผู้สูงอายุ --การนอนหลับในหอผู้ป่วยวิกฤต
650  4 ^aการนอนหลับ
650  4 ^aการพักผ่อน
653    ^aผลงานอาจารย์คณะแพทยศาสตร์ศิริราชพยาบาล
700 0  ^aนฤชา จิรกาลวสาน,^eบรรณาธิการ
710 2  ^aจุฬาลงกรณ์มหาวิทยาลัย.^bคณะแพทยศาสตร์.^bภาควิชาอายุรศาสตร์
945    ^p2500^l0^i010808
945    ^p2500^l0^i010809
999    ^aประนอม เกษจรัล
รายการนี้ยังไม่มีแท็ก
คุณยังไม่ได้ล็อกอิน คุณสามารถมีกิจกรรมร่วมกับเว็บไซต์ได้ แต่ต้องล็อกอินก่อน ::
  ล็อกอิน

รายการสื่อสารสนเทศ

ลำดับที่ ประเภท เลขเรียก/บาร์โค้ด สถานที่ สถานะ
1. วิทยาศาสตร์การแพทย์ และสุขภาพ
หนังสือสำรอง
สถานะ=หนังสือสำรอง
WL108 ว896 ฉ.1 
  Barcode: 010808
ห้องสมุดวิทยาเขตสวรรค์ประชารักษ์
►หนังสือทั่วไป
บนชั้น
2. วิทยาศาสตร์การแพทย์ และสุขภาพ
วิทยาศาสตร์การแพทย์ และสุขภาพ
WL108 ว896 ฉ.2 
  Barcode: 010809
ห้องสมุดวิทยาเขตสวรรค์ประชารักษ์
►หนังสือทั่วไป
บนชั้น

รายการใกล้เคียง
    หัวเรื่อง [การนอนหลับ]
    หัวเรื่อง [การพักผ่อน]

BibComment


ยังไม่เคยถูกคอมเมนท์

คอมเมนท์ทรัพยากรรายการนี้
  คอมเมนท์: เวชศาสตร์การนอนห..


 Copyright 2026. Bcnsprnw @Library